| 000 | 00847nam a2200277Ia 4500 | ||
|---|---|---|---|
| 005 | 20220317001151.0 | ||
| 008 | 160825s2003 mx a g 000 0 spa | ||
| 020 | _a9789681669012 | ||
| 082 | 0 | 4 |
_a553 _bN18i |
| 100 | 1 | _aNava, Alejandro | |
| 245 | 1 | 3 |
_aLa inquieta superficie terrestre _cAlejandro Nava |
| 250 | _a3a. edición | ||
| 300 |
_a185 páginas _bilustraciones _c21 cm |
||
| 490 | _aLa ciencia para todos | ||
| 500 | _aIncluye bibliografía | ||
| 650 | 1 | 4 |
_2LEMB _aTectónica de placas |
| 650 | 1 | 4 |
_2LEMB _aFondo oceánico |
| 650 | 1 | 4 |
_2LEMB _aGeofísica |
| 650 | 1 | 4 |
_2LEMB _aTierra |
| 942 |
_2ddc _cBK |
||
| 264 |
_aMéxico _bFondo de Cultura Económica _c2003 |
||
| 336 |
_atexto _btxt _2rdacontent |
||
| 337 |
_asin mediación _bn _2rdamedia |
||
| 338 |
_avolumen _bnc _2rdacarrier |
||
| 040 |
_aCO-BoRNBP _bspa _erda _cCO-BoRNBP |
||
| 999 |
_c6129 _d6129 |
||